90 secs Countries of the World: by Alphabetical Order - Statistics

General Stats
  • This quiz has been taken 25,466 times
  • The average score is 117 of 196
Answer Stats
Country % Correct
Andorra
93%
Albania
90%
Algeria
90%
Angola
88%
Afghanistan
86%
Antigua and Barbuda
83%
Central African Republic
83%
Chad
82%
Argentina
81%
Austria
81%
Armenia
80%
Gabon
80%
Gambia
80%
Australia
79%
Azerbaijan
78%
Federated States of Micronesia
78%
Fiji
78%
Belarus
77%
Belize
77%
Chile
77%
Finland
77%
Georgia
77%
Bahamas
76%
Belgium
76%
Cape Verde
76%
China
76%
Colombia
76%
France
76%
Iceland
76%
Bangladesh
75%
Barbados
75%
Comoros
75%
Costa Rica
75%
Bolivia
74%
Canada
74%
Czech Republic
74%
Democratic Republic of the Congo
74%
Hungary
74%
Bahrain
73%
Benin
73%
Bosnia and Herzegovina
73%
Dominican Republic
73%
Israel
73%
Italy
73%
Jamaica
73%
Bhutan
72%
Germany
72%
Ghana
72%
Greece
72%
Honduras
72%
Japan
72%
Jordan
72%
Botswana
71%
Burundi
71%
Iraq
71%
Denmark
70%
India
70%
Indonesia
70%
Bulgaria
69%
Burkina Faso
69%
Cambodia
69%
Djibouti
69%
Dominica
69%
Grenada
69%
Brazil
68%
Cameroon
68%
Cyprus
68%
Kazakhstan
68%
Vietnam
68%
Iran
67%
Ireland
67%
Yemen
67%
Kenya
66%
Republic of the Congo
66%
Brunei
65%
Haiti
65%
Qatar
65%
Venezuela
65%
Zambia
65%
Norway
64%
Guyana
63%
Nigeria
63%
North Korea
63%
Romania
63%
Ethiopia
62%
Oman
62%
Pakistan
62%
Zimbabwe
62%
Equatorial Guinea
61%
Palau
60%
Russia
60%
United Arab Emirates
60%
Côte d'Ivoire
59%
United Kingdom
59%
Kuwait
58%
Netherlands
58%
Saint Kitts and Nevis
58%
Burma
57%
El Salvador
57%
Kosovo
57%
Panama
57%
Vatican City
57%
Eritrea
56%
Guinea
56%
Guinea-Bissau
56%
Kyrgyzstan
56%
Laos
56%
Philippines
56%
Portugal
56%
Saint Lucia
56%
Ukraine
56%
United States
56%
Croatia
55%
Estonia
55%
Kiribati
55%
Latvia
55%
Poland
55%
Vanuatu
55%
Guatemala
54%
Lebanon
54%
Lesotho
54%
New Zealand
54%
Suriname
54%
Uganda
54%
Uzbekistan
54%
East Timor
53%
Niger
53%
Rwanda
53%
Nauru
52%
South Sudan
52%
Sudan
52%
Cuba
51%
Nepal
51%
Nicaragua
51%
Turkmenistan
51%
Tuvalu
51%
Uruguay
51%
South Africa
50%
South Korea
50%
Spain
50%
Taiwan
50%
Tonga
50%
Liberia
49%
Mongolia
49%
Mozambique
49%
Namibia
49%
Peru
49%
Malawi
48%
Malaysia
48%
Marshall Islands
48%
Monaco
48%
Morocco
48%
Sweden
48%
Egypt
47%
Maldives
47%
Mauritania
47%
Paraguay
47%
Sri Lanka
47%
Swaziland
47%
Trinidad and Tobago
47%
Turkey
47%
Ecuador
46%
Libya
46%
Syria
46%
Moldova
45%
Papua New Guinea
45%
Tajikistan
45%
Tanzania
45%
Tunisia
45%
Liechtenstein
44%
Madagascar
44%
Mali
44%
Mexico
44%
Montenegro
44%
Switzerland
44%
Lithuania
43%
Luxembourg
43%
Malta
43%
Solomon Islands
43%
Togo
43%
Macedonia
42%
Mauritius
42%
Thailand
42%
Saudi Arabia
40%
Seychelles
39%
Somalia
39%
São Tomé and Príncipe
38%
Slovenia
37%
Serbia
36%
Sierra Leone
36%
Senegal
35%
San Marino
34%
Slovakia
33%
Saint Vincent and the Grenadines
32%
Singapore
32%
Samoa
29%
No matching quizzes found
Score Distribution
Percent of People with Each Score
Percentile by Number Answered
Your Score History
You have not taken this quiz